Southville International School and Colleges
Your cart is empty.
  • Cart
  • Lists
    Public lists Eva Luna New books Lux_list list_1
    Your lists Log in to create your own lists
  • Log in to your account
  • Your cookies
  • Search history
Southville International School and Colleges
  • Advanced search
  • Recent comments
  • Most popular
  • Libraries

Log in to your account

Log in with GOOGLE


If you do not have an external account, but do have a local account, you can still log in:

  1. Home
  2. MARC view: Beyond the sunrise /
Normal view MARC view ISBD view

Beyond the sunrise / (Record no. 34456)

[ view plain ]
MARC details
000 -LEADER
fixed length control field 01268cam a22003493a 4500
003 - CONTROL NUMBER IDENTIFIER
control field OSt
005 - DATE AND TIME OF LATEST TRANSACTION
control field 20140310184441.0
008 - FIXED-LENGTH DATA ELEMENTS--GENERAL INFORMATION
fixed length control field 040426s2003 nyua c 000 1 eng d
010 ## - LIBRARY OF CONGRESS CONTROL NUMBER
LC control number 2004540846
020 ## - INTERNATIONAL STANDARD BOOK NUMBER
International Standard Book Number 0439446171
020 ## - INTERNATIONAL STANDARD BOOK NUMBER
International Standard Book Number 9780439446174
035 ## - SYSTEM CONTROL NUMBER
System control number (OCoLC)ocm54819692
040 ## - CATALOGING SOURCE
Original cataloging agency LAL
Transcribing agency LAL
Modifying agency OCLCQ
-- LEO
-- XY4
-- OCL
-- TCA
-- BAKER
-- DLC
050 00 - LIBRARY OF CONGRESS CALL NUMBER
Classification number PZ 3
Item number .B146d10 2003
100 1# - MAIN ENTRY--PERSONAL NAME
Personal name Baglio, Ben M.
9 (RLIN) 5246
245 10 - TITLE STATEMENT
Title Beyond the sunrise /
Statement of responsibility, etc Ben M. Baglio.
260 ## - PUBLICATION, DISTRIBUTION, ETC. (IMPRINT)
Place of publication, distribution, etc New York ;
-- Toronto, Ont. :
Name of publisher, distributor, etc Scholastic Inc.,
Date of publication, distribution, etc 2003.
300 ## - PHYSICAL DESCRIPTION
Extent 151 p. :
Other physical details ill. ;
Dimensions 20 cm.
440 #0 - SERIES STATEMENT/ADDED ENTRY--TITLE
Title Dolphin diaries ;
Volume number/sequential designation 10
9 (RLIN) 27494
521 ## - TARGET AUDIENCE NOTE
Target audience note
526 ## - STUDY PROGRAM INFORMATION NOTE
Reading level 660
650 #0 - SUBJECT ADDED ENTRY--TOPICAL TERM
Topical term or geographic name as entry element Dolphins
Form subdivision Juvenile fiction.
9 (RLIN) 27495
650 #0 - SUBJECT ADDED ENTRY--TOPICAL TERM
Topical term or geographic name as entry element Poachers
Form subdivision Juvenile fiction.
9 (RLIN) 27496
650 #1 - SUBJECT ADDED ENTRY--TOPICAL TERM
Topical term or geographic name as entry element Dolphins
Form subdivision Fiction.
9 (RLIN) 27497
650 #1 - SUBJECT ADDED ENTRY--TOPICAL TERM
Topical term or geographic name as entry element Poachers
Form subdivision Fiction.
9 (RLIN) 27498
700 1# - ADDED ENTRY--PERSONAL NAME
Personal name Lawton, Judith,
Relator term ill.
9 (RLIN) 27499
906 ## - LOCAL DATA ELEMENT F, LDF (RLIN)
a 7
b cbc
c copycat
d 3
e ncip
f 20
g y-gencatlg
942 ## - ADDED ENTRY ELEMENTS (KOHA)
Source of classification or shelving scheme Library of Congress Classification
Koha item type
Holdings
Withdrawn status Lost status Source of classification or shelving scheme Damaged status Home library Current library Shelving location Date acquired Total Checkouts Full call number Barcode Date last seen Copy number Price effective from Koha item type
    Library of Congress Classification   Luxembourg Library Luxembourg Library Scholastic Reading Center Section 10/10/2013   PZ 3 .B146Bs 2003 LEX2520 04/18/2017 1 10/10/2013 Books
    Library of Congress Classification   Luxembourg Library Luxembourg Library Scholastic Reading Center Section 10/24/2013   PZ 7 .B146d10 2003 LEX2521 04/18/2017 2 10/24/2013 Books

Beyond the sunrise /

APA

Baglio B. M., Lawton J., . (2003). Beyond the sunrise. New York: Scholastic Inc.

Chicago

Baglio Ben M, Lawton Judith, . 2003. Beyond the sunrise. New York: Scholastic Inc.

Harvard

Baglio B. M., Lawton J., . (2003). Beyond the sunrise. New York: Scholastic Inc.

MLA

Baglio Ben M, Lawton Judith, . Beyond the sunrise. New York: Scholastic Inc. 2003.

  • Place hold
  • Print
  • Cite
  • Add to your cart (remove)
  • Save record
    BIBTEX Dublin Core MARCXML MARC (non-Unicode/MARC-8) MARC (Unicode/UTF-8) MARC (Unicode/UTF-8, Standard) MODS (XML) RIS
  • More searches
    Search for this title in:
    Other Libraries (WorldCat) Other Databases (Google Scholar) Online Stores (Bookfinder.com) Open Library (openlibrary.org)

Exporting to Dublin Core...

SOUTHVILLE LIBRARY

Southville International School and Colleges Library

1281 Tropical Ave. Cor. Luxembourg St., BF Homes International, Las Pinas City

Tel. No. 8256374 / 252358 Loc. 117/146

Powered by Koha